BIBLIOTHÈQUE DE LA MAISON DU MEXIQUE

Logo 1 Logo 2

Los primeros y principales abanderados de los derechos humanos de los indios fueron los misioneros dominicos (notice nᵒ 10627)

détails MARC
000 -Sello discográfico
campo de control de longitud fija 00861nam a2200265 4500
005 - Identificación de versión
campo de control 20251016083449.0
035 ## - Otros números de control del sistema
Número de control del sistema 8124
099 ## - fechas locales
Tipo de ítem Koha LIBRO
100 ## - Datos de procesamiento general
Datos de procesamiento general 20040119d1983 m y1spay5003 ba
105 ## - Campo de datos codificados: Material textual, monográfico
Datos codificados de monografía y 001zy
200 1# - Título y mención de responsabilidad
Título propio Los primeros y principales abanderados de los derechos humanos de los indios fueron los misioneros dominicos
Designación general del material texto impreso
Otra información del título según sus cronistas de los siglos XVI, XVII y XVIII
Primer mención de responsabilidad Estéban Arroyo
210 ## - Publicación, distribución, etc.
Lugar de publicación, distribución, etc. México
Nombre del editor, distribuidor, etc. Universidad Autónoma de Querétaro
Fecha de publicación, distribución, etc. 1983
215 ## - Descripción física
Designación de material específico y extensión del ítem 494 p
Dimensiones 18 cm
345 ## - Nota de información de adquisición
Fuente de adquisición/dirección de la suscripción [OBSOLETO] Donación
606 ## - Término temático usado como materia
Elemento de entrada Indios, Tratamiento de
Subdivisión geográfica Hispanoamérica
Número Koha 6565
660 ## - Código de área geográfica
Código MX
676 ## - Clasificación Decimal Dewey
Número 972.01 A77p
700 ## - Nombre personal - Responsabilidad primaria
Elemento de entrada Arroyo
Parte del nombre distinta del elemento de entrada Estéban
Número Koha 17123
801 #0 - Fuente de origen
Agencia cm
900 ## -
-- 1/6042
900 ## -
-- 7100417803\190104
942 ## - ELEMENTOS DE ENTRADA SECUNDARIOS (KOHA)
Tipo de ítem Koha Livre

Pas d'exemplaire disponible.